[Event "SLO-chT U20 17th"]
[Site "Murska Sobota"]
[Date "2008.08.28"]
[Round "5.2"]
[White "Markoja, Uros"]
[Black "Pavsic, Andrej"]
[Result "0-1"]
[WhiteElo "1900"]
[BlackElo "1575"]
[PlyCount "48"]
[EventDate "2008.08.30"]
[EventType "team-tourn"]
[EventRounds "7"]
[EventCountry "SLO"]
[SourceTitle "EXT 2010"]
[Source "ChessBase"]
[SourceDate "2010.11.25"]
[SourceVersion "1"]
[SourceVersionDate "2010.11.25"]
[SourceQuality "1"]
[WhiteTeam "Radenska Pomgrad"]
[BlackTeam "Hidria Tolmin"]
[WhiteTeamCountry "SLO"]
[BlackTeamCountry "SLO"]

1. e4 e5 2. Nf3 Nc6 3. Bb5 Bc5 4. 0-0 Nge7 5. c3 Bb6 6. d4 exd4 7. cxd4 d5 8. exd5 Nxd5 9. Re1+ Be6 10. Ng5 0-0 11. Bxc6 bxc6 12. Qc2 Nf6 13. Nxe6 fxe6 14. Be3 Bxd4 15. Rd1 c5 16. Bxd4 cxd4 17. Qc4 Nd5 18. Qxd4 Qg5 19. Qd2 Nf4 20. g3 Rad8 21. Qe1 Rxd1 22. Qxd1 Nh3+ 23. Kg2 Rxf2+ 24. Kxh3 Qf5+ 0-1

[Event "SLO-ch U18"]
[Site "Postojna"]
[Date "2008.02.29"]
[Round "8"]
[White "Drnovsek, Nejc"]
[Black "Markoja, Uros"]
[Result "1/2-1/2"]
[WhiteElo "2118"]
[BlackElo "1670"]
[PlyCount "80"]
[EventDate "2008.02.24"]
[EventType "swiss"]
[EventRounds "9"]
[EventCountry "SLO"]
[SourceTitle "EXT 2010"]
[Source "ChessBase"]
[SourceDate "2010.11.25"]
[SourceVersion "1"]
[SourceVersionDate "2010.11.25"]
[SourceQuality "1"]

1. d4 d5 2. Nf3 Nf6 3. Bg5 e6 4. e3 Be7 5. Bd3 h6 6. Bh4 0-0 7. Nbd2 Nbd7 8. Ne5 Nxe5 9. dxe5 Ne4 10. Bxe7 Qxe7 11. 0-0 Nxd2 12. Qxd2 c5 13. c3 b6 14. a4 Bb7 15. Rfc1 Rfc8 16. Bb1 a6 17. Bd3 Bc6 18. b4 cxb4 19. cxb4 b5 20. Rc5 Qd7 21. Qe2 bxa4 22. Bxa6 Rcb8 23. b5 Bb7 24. h3 Bxa6 25. bxa6 Rb6 26. Ra5 Qc7 27. R5xa4 Qxe5 28. a7 Qc3 29. R4a3 Qc5 30. Qd3 Rb7 31. Qa6 Qb6 32. Qa4 Qb5 33. Qd1 Qb6 34. Ra6 Qc5 35. R1a5 Qc7 36. Qa1 Kh8 37. g3 Qd7 38. Qc3 Rbxa7 39. Rxa7 Rxa7 40. Rxa7 Qxa7 1/2-1/2

[Event "SLO-ch U18"]
[Site "Postojna"]
[Date "2008.02.27"]
[Round "5"]
[White "Novak, Primoz"]
[Black "Markoja, Uros"]
[Result "1/2-1/2"]
[WhiteElo "1579"]
[BlackElo "1670"]
[PlyCount "141"]
[EventDate "2008.02.24"]
[EventType "swiss"]
[EventRounds "9"]
[EventCountry "SLO"]
[SourceTitle "EXT 2010"]
[Source "ChessBase"]
[SourceDate "2010.11.25"]
[SourceVersion "1"]
[SourceVersionDate "2010.11.25"]
[SourceQuality "1"]

1. e4 e5 2. Nf3 Nc6 3. Bb5 a6 4. Ba4 Nf6 5. 0-0 b5 6. Bb3 Be7 7. Re1 d6 8. h3 0-0 9. c3 Bb7 10. d4 Re8 11. Nbd2 Bf8 12. Bc2 h6 13. Nf1 exd4 14. cxd4 Nb4 15. Ng3 Nxc2 16. Qxc2 d5 17. e5 Ne4 18. Be3 Nxg3 19. fxg3 Rc8 20. Rac1 c5 21. Qf5 c4 22. g4 Rc6 23. g5 g6 24. Qf4 h5 25. g4 Bc8 26. gxh5 gxh5 27. Qh4 Bf5 28. Qxh5 Qd7 29. Kg2 Kg7 30. Qh4 Bb4 31. Rh1 c3 32. bxc3 Ba3 33. Rcf1 Rxc3 34. Qh6+ Kg8 35. Bd2 Rc2 36. Rf2 Qe6 37. Qh5 Rec8 38. Rhf1 Bg6 39. Qh4 Rxa2 40. Qf4 Qf5 41. Qe3 Qd3 42. Qf4 Qf5 43. Qe3 Qe4 44. Qb3 Rcc2 45. Be1 Qd3 46. Qxd5 Be4 47. Qd8+ Bf8 48. Qf6 b4 49. e6 Rxf2+ 50. Bxf2 Qxf3+ 51. Qxf3 Bxf3+ 52. Kxf3 fxe6 53. Ke3 a5 54. Rb1 Ra3+ 55. Kd2 Rxh3 56. Ra1 Ra3 57. Rxa3 bxa3 58. Kc2 Kg7 59. Kb3 Kg6 60. Be3 Be7 61. Bc1 Kf5 62. Bd2 Bxg5 63. Bxa5 Bc1 64. Bb4 Ke4 65. Bc5 Bb2 66. Ka2 Kd5 67. Kb3 Ke4 68. Ka2 Kd3 69. Kb3 Kd2 70. Bb6 Kc1 71. Bc5 1/2-1/2

[Event "SLO-ch U18"]
[Site "Postojna"]
[Date "2008.02.24"]
[Round "1"]
[White "Kranjec, Primoz"]
[Black "Markoja, Uros"]
[Result "1-0"]
[WhiteElo "1959"]
[BlackElo "1670"]
[PlyCount "37"]
[EventDate "2008.02.24"]
[EventType "swiss"]
[EventRounds "9"]
[EventCountry "SLO"]
[SourceTitle "EXT 2010"]
[Source "ChessBase"]
[SourceDate "2010.11.25"]
[SourceVersion "1"]
[SourceVersionDate "2010.11.25"]
[SourceQuality "1"]

1. e4 e5 2. Nf3 Nc6 3. Bb5 a6 4. Ba4 Nf6 5. 0-0 b5 6. Bb3 Be7 7. c3 d6 8. h3 Na5 9. Bc2 c5 10. d3 0-0 11. Nbd2 h6 12. Re1 Nh7 13. Nf1 f5 14. exf5 Bxf5 15. Ng3 Bg6 16. d4 Bxc2 17. Qxc2 exd4 18. cxd4 Nb7 19. Qe4 1-0

[Event "SLO-chT U20"]
[Site "Murska Sobota"]
[Date "2007.08.29"]
[Round "6"]
[White "Markoja, Uros"]
[Black "Skrinjar, Matic"]
[Result "0-1"]
[WhiteElo "1633"]
[BlackElo "1811"]
[PlyCount "78"]
[EventDate "2007.08.25"]
[EventType "team-swiss"]
[EventRounds "9"]
[EventCountry "SLO"]
[SourceTitle "CBM 120 Extra"]
[Source "ChessBase"]
[SourceDate "2007.11.01"]
[SourceVersion "1"]
[SourceVersionDate "2007.11.01"]
[SourceQuality "1"]

1. e4 c5 2. Nf3 Nc6 3. d4 cxd4 4. Nxd4 Nf6 5. Nc3 d6 6. Be2 e5 7. Nb3 Be6 8. 0-0 Be7 9. f4 exf4 10. Bxf4 a6 11. a4 0-0 12. Kh1 Ne5 13. Qd4 Qc7 14. Nd2 Nfd7 15. Nd5 Bxd5 16. exd5 Bf6 17. c3 Rfe8 18. Ne4 Ng6 19. Nxf6+ Nxf6 20. Bd3 Nxf4 21. Rxf4 Re5 22. c4 Rae8 23. Raf1 Qd7 24. b3 Re1 25. h3 Rxf1+ 26. Rxf1 Qe7 27. Rf3 Nd7 28. b4 Qe1+ 29. Kh2 Qxb4 30. Rg3 Ne5 31. Qe4 g6 32. h4 Qxa4 33. h5 Nxd3 34. Qxd3 Qd7 35. hxg6 fxg6 36. Rxg6+ hxg6 37. Qxg6+ Kf8 38. Qf6+ Qf7 39. Qxd6+ Kg8 0-1

[Event "SLO-chT U20"]
[Site "Murska Sobota"]
[Date "2007.08.29"]
[Round "7"]
[White "Vidrih, Jana"]
[Black "Markoja, Uros"]
[Result "1/2-1/2"]
[WhiteElo "1678"]
[BlackElo "1633"]
[PlyCount "60"]
[EventDate "2007.08.25"]
[EventType "team-swiss"]
[EventRounds "9"]
[EventCountry "SLO"]
[SourceTitle "CBM 120 Extra"]
[Source "ChessBase"]
[SourceDate "2007.11.01"]
[SourceVersion "1"]
[SourceVersionDate "2007.11.01"]
[SourceQuality "1"]

1. d4 d5 2. Nf3 Nf6 3. Bf4 c5 4. c3 Nc6 5. e3 Qb6 6. Qb3 c4 7. Qc2 Bf5 8. Qc1 e6 9. Nbd2 Rc8 10. Be2 Be7 11. Nh4 Bg6 12. Nxg6 hxg6 13. h3 Na5 14. Rb1 Qd8 15. Qc2 b5 16. e4 0-0 17. 0-0 Nc6 18. Bf3 Re8 19. Rfe1 Qd7 20. b3 Bd8 21. bxc4 bxc4 22. exd5 exd5 23. Nf1 Rxe1 24. Rxe1 Bc7 25. Bg5 Nh7 26. Bc1 f5 27. Qe2 Kf7 28. Ne3 Nf6 29. g3 Re8 30. Qd2 f4 1/2-1/2

[Event "SLO-chT U20"]
[Site "Otocec"]
[Date "2006.08.23"]
[Round "6"]
[White "Markoja, Uros"]
[Black "Spendal, Barbara"]
[Result "1/2-1/2"]
[WhiteElo "1597"]
[BlackElo "1913"]
[PlyCount "58"]
[EventDate "2006.08.19"]
[EventType "team"]
[EventRounds "9"]
[EventCountry "SLO"]
[SourceTitle "EXT 2007"]
[Source "ChessBase"]
[SourceDate "2006.11.23"]
[SourceVersion "1"]
[SourceVersionDate "2006.11.23"]
[SourceQuality "1"]

1. e4 c5 2. Nf3 d6 3. d4 cxd4 4. Nxd4 Nf6 5. Nc3 a6 6. Be2 e6 7. Be3 Be7 8. 0-0 Nc6 9. Kh1 0-0 10. f4 Qc7 11. Qe1 b5 12. a3 Bb7 13. Bf3 Rfe8 14. Qg3 Bf8 15. Rae1 Rab8 16. e5 Nd7 17. Nxc6 Bxc6 18. exd6 Bxd6 19. Ne4 Bf8 20. c3 a5 21. Ng5 Bxf3 22. Qxf3 h6 23. Ne4 Nc5 24. Bd4 Nxe4 25. Rxe4 Bc5 26. Be5 Bd6 27. Bd4 Bc5 28. Be5 Bd6 29. Bd4 Bc5 1/2-1/2

[Event "SLO-chT U20"]
[Site "Otocec"]
[Date "2006.08.22"]
[Round "5"]
[White "Markoja, Uros"]
[Black "Vrban, Rok"]
[Result "0-1"]
[WhiteElo "1597"]
[BlackElo "1662"]
[PlyCount "72"]
[EventDate "2006.08.19"]
[EventType "team"]
[EventRounds "9"]
[EventCountry "SLO"]
[SourceTitle "EXT 2007"]
[Source "ChessBase"]
[SourceDate "2006.11.23"]
[SourceVersion "1"]
[SourceVersionDate "2006.11.23"]
[SourceQuality "1"]

1. e4 c5 2. Nf3 Nc6 3. d4 cxd4 4. Nxd4 Nf6 5. Nc3 d6 6. Be3 Ng4 7. Nd5 Nxe3 8. Nxe3 Qb6 9. Nxc6 bxc6 10. Nc4 Qc7 11. Qd2 e6 12. Qa5 Qb8 13. 0-0-0 d5 14. exd5 cxd5 15. Ne3 Bd7 16. Nxd5 exd5 17. Qxd5 Be6 18. Bb5+ Ke7 19. Qe4 Qxb5 20. Qxa8 Qb6 21. f4 g6 22. Qe4 Bg7 23. c3 Rb8 24. Rd2 Kf8 25. a3 Qb3 26. Qc2 Qc4 27. Qd3 Qxf4 28. Rf1 Qc7 29. Qd6+ Qxd6 30. Rxd6 Bh6+ 31. Kb1 Ke7 32. Ra6 Be3 33. Re1 Bb6 34. Ra4 Kd6 35. Rh4 h5 36. Kc1 Bg4 0-1

[Event "SLO-chT U20"]
[Site "Otocec"]
[Date "2006.08.19"]
[Round "1"]
[White "Radic, Snezana"]
[Black "Markoja, Uros"]
[Result "0-1"]
[WhiteElo "1520"]
[BlackElo "1597"]
[PlyCount "64"]
[EventDate "2006.08.19"]
[EventType "team"]
[EventRounds "9"]
[EventCountry "SLO"]
[SourceTitle "EXT 2007"]
[Source "ChessBase"]
[SourceDate "2006.11.23"]
[SourceVersion "1"]
[SourceVersionDate "2006.11.23"]
[SourceQuality "1"]

1. e4 e5 2. Nf3 Nc6 3. Bc4 Nf6 4. Ng5 d5 5. exd5 Na5 6. Bb3 Nxb3 7. axb3 Nxd5 8. d3 h6 9. Ne4 Be7 10. 0-0 0-0 11. c4 Nb4 12. Nbc3 c6 13. Qf3 Qxd3 14. Qxd3 Nxd3 15. Rd1 Nxc1 16. Rdxc1 f5 17. Ng3 Bc5 18. Re1 e4 19. h3 Be6 20. Kf1 Rad8 21. Na4 Bb4 22. Red1 b5 23. Rxd8 Rxd8 24. cxb5 cxb5 25. Nc3 a5 26. Nxb5 Bxb3 27. Nc3 g6 28. h4 Rd2 29. Na4 Bxa4 30. Rxa4 Rxb2 31. h5 Rb1+ 32. Ke2 Re1# 0-1

[Event "SLO-chT U20"]
[Site "Sentjur"]
[Date "2005.08.24"]
[Round "6"]
[White "Zagar, Blaz"]
[Black "Markoja, Uros"]
[Result "1-0"]
[WhiteElo "1621"]
[BlackElo "1500"]
[PlyCount "57"]
[EventDate "2005.08.21"]
[EventType "team"]
[EventRounds "9"]
[EventCountry "SLO"]
[SourceTitle "EXT 2008"]
[Source "ChessBase"]
[SourceDate "2007.11.25"]
[SourceVersion "1"]
[SourceVersionDate "2007.11.25"]
[SourceQuality "1"]

1. e4 e5 2. Nf3 Nc6 3. Bc4 Nf6 4. d3 Bc5 5. c3 d6 6. b4 Bb6 7. a4 a6 8. 0-0 0-0 9. Be3 Ba7 10. Nbd2 Re8 11. h3 h6 12. Nh2 Bxe3 13. fxe3 Be6 14. Bxe6 Rxe6 15. d4 exd4 16. exd4 Nxe4 17. d5 Nxc3 18. Qf3 Ne2+ 19. Kh1 Ncd4 20. Qxf7+ Kh8 21. dxe6 Ng3+ 22. Kg1 Nge2+ 23. Kf2 Qh4+ 24. Ke3 Qg5+ 25. Kd3 Qd5 26. e7 Nf4+ 27. Rxf4 Ne6+ 28. Kc2 Nd4+ 29. Kd1 1-0